000 00232nam a22000977a 4500
005 20250901165812.0
008 250327b |||||||| |||| 00| 0 eng d
050 _aPL 8704.H33 2014
245 _aPendo la kahara
_cHabwe John
942 _2lcc
999 _c9422
_d9422